000 00645nam a2200217Ii 4500
003 JO-AjNU
008 230606s9999||||xx |||||||||||||| ||und||
020 _a0-471-59759-7
040 _aJO-AjNU
_beng
_erda
_cJO-AjNU
041 _aeng
050 1 4 _aHF5635 . K5 1995
100 3 _aKuieso,Donald E / Weygandt,Jerry J,
_eauthor
_93351
245 0 0 _aIntermediate Accounting
250 _a8th ed
264 3 1 _aNew York: John Wiley and Sons,1995
300 _a1412p
_b Includes indexes(p 1403-1412)
336 _atext
_btxt
_2rdacontent
337 _aunmediated
_bn
_2rdamedia
338 _avolume
_bnc
_2rdacarrier
650 4 _aAccounting
_93352
999 _aE1751
_c1751
_d1751